1538 1844 1163 1437 1185 1701 1149 1344 1795 1382 1754 1333 1541 1542 1192 1107 1009 1215 1855 1679 1324 1629 1952 1831 1114 1938 1159 1965 1160 1472 1320 1083 1530 1503 1951 1425 1562 1748 1027 1260 1792 1009 1468 1652 1481 1981 1704 1131 1362 1619 1816 1588 1097 1891 1915 1266 1348 1657 1250 1443 1432 1533 1488 1369 1298 1164 1030 1491 1087 1253 1532 1707 1795 1696 1672 1777 1563 1240 1974 1902 1597 1385 1817 1756 1257 1906 1528 1671 1978 1368 1505 1754 1455 1119 1603 1701 1086 1828 1962 BCNSPRNW ULIB Ver.6.0+V

เปลี่ยนเป็นภาษาไทย

Change to English
 แสดงรายละเอียดบรรณานุกรม
  กลับหน้าหลัก

Brief Record : Get Marc (ISO 2709) : E-mail record : QR code < ปิดหน้าต่าง
LEADER : 00000nam 2200000uu 4500
001    13399114597
003     ULIB
008    110627s2550||||th 000 0 tha d
090    นว.^b
100 0  เมแกน วาเลน เทอร์เนอร์
245 00 จอมโจรยูเลนิดิส/^cเมแกน วาเลน เทอร์เนอร์
260    กรุงเทพฯ :^bอัมรินทร์,^c2550
710 1  อัมรินทร์
945    ^p0^l0^i022052
995    ทศพร
999 ^a ใช้งานได้ทุกระบบ
รายการนี้ยังไม่มีแท็ก
คุณยังไม่ได้ล็อกอิน คุณสามารถมีกิจกรรมร่วมกับเว็บไซต์ได้ แต่ต้องล็อกอินก่อน ::
  ล็อกอิน

รายการสื่อสารสนเทศ

ลำดับที่ ประเภท เลขเรียก/บาร์โค้ด สถานที่ สถานะ
1. นวนิยาย
นวนิยาย
นว. ฉ.1 
  Barcode: 022052
ห้องสมุดวิทยาเขตสวรรค์ประชารักษ์
►นวนิยาย
บนชั้น
  ขอยืม

รายการใกล้เคียง
    ผู้แต่ง [เมแกน วาเลน เทอร์เนอร์]

BibComment


ยังไม่เคยถูกคอมเมนท์

คอมเมนท์ทรัพยากรรายการนี้
  คอมเมนท์: จอมโจรยูเลนิดิส เ..


 Copyright 2026. Bcnsprnw @Library